000 00298nam a22001337a 4500
003 SGT
020 _a9788171326938
082 _a650.14,SRI
100 _aSRIVASTAVA, SUSHIL KUMAR
245 _aCAREER INTERVIEWS
260 _aJAIPUR
_bPOINTER PUBLISHARS
_c2024
300 _a213
942 _2ddc
_cBK
999 _c33478
_d33478